000 01165cam a2200313 a 4500
999 _c27742
_d27742
001 16947954
005 20170210111423.0
008 110906s2011 caua b 001 0 eng
010 _a 2011938100
020 _a9781111833237 (student edition)
042 _apcc
043 _an-us---
050 0 0 _aLC225.3
_b.G47 2013
082 0 0 _a372.119
_223
100 1 _aGestwicki, Carol,
_d1940-
245 1 0 _aHome, school, & community relations /
_cCarol Gestwicki.
246 3 _aHome, school, and community relations
250 _aEighth edition.
260 _aBelmont, CA :
_bWadsworth Cengage Learning,
_c[2013]
300 _axx, 529 pages :
_billustrations ;
_c26 cm.
504 _aIncludes bibliographical references (pages 510-517) and index.
650 0 _aHome and school
_zUnited States
_vTextbooks.
650 0 _aParent-teacher relationships
_zUnited States
_vTextbooks.
650 0 _aCommunity and school
_zUnited States
_vTextbooks.
942 _2lcc
_cBOOKS